| 000 | 01670nam a2200421Ii 4500 | ||
|---|---|---|---|
| 001 | DIGDYK0335 | ||
| 003 | NyNyDIG | ||
| 008 | 140328t20072007sp ob 001 0 spa d | ||
| 006 | m o d | ||
| 007 | cr ||||||||||| | ||
| 040 |
_aDGITA _beng _erda _epn _cDGITA |
||
| 020 | _z9788498491104 | ||
| 020 | _z849849110X | ||
| 035 | _a(OCoLC)752429437 | ||
| 050 | 1 | 4 | _aTA330 eBook |
| 100 | 1 |
_aKindelán, Ultano, _eauthor. |
|
| 245 | 1 | 0 |
_aFundamentos matemáticos de la ingeniería / _cUltano Kindelán, Marco Antonio Fontelos. |
| 250 | _a2a edición. | ||
| 264 | 1 |
_aMadrid : _bUniversidad Rey Juan Carlos. Servicio de Publicaciones : _bDykinson, S.L., _c[2007] |
|
| 264 | 4 | _c©2007 | |
| 300 | _a1 online resource (564 pages) | ||
| 336 |
_atext _btxt _2rdacontent |
||
| 337 |
_acomputer _bc _2rdamedia |
||
| 338 |
_aonline resource _bcr _2rdacarrier |
||
| 490 | 1 |
_aCiencias experimentales y tecnología ; _v1 |
|
| 504 | _aIncludes bibliographical references (pages 553-557) and index. | ||
| 588 | 0 | _aOnline resource; title from ePub and PDF title page (Digitalia, viewed March 28, 2014) | |
| 650 | 0 | _aEngineering mathematics. | |
| 655 | 0 | _aElectronic books. | |
| 700 | 1 |
_aFontelos, Marco Antonio, _eauthor. |
|
| 791 | 2 |
_aDigitalia (Firm), _edistributor. |
|
| 776 | 0 | 8 |
_iPrint version: _aKindelán, Ultano. _tFundamentos matemáticos de la ingeniería. _dMadrid : Dykinson, [2007] _z9788498491104 |
| 830 | 0 |
_aCiencias experimentales y tecnología ; _v1. |
|
| 793 | 0 |
_gDigitalia eBook Collection: _aDykinson Editorial. |
|
| 856 | 4 | 0 |
_3Digitalia Hispánica _uhttps://www.digitaliapublishing.com/a/6589/ |
| 910 | _aPremium Collection: 2013 | ||
| 942 | _cRAA | ||
| 999 |
_c231661 _d231661 |
||